Pakistan : / (Record no. 522819)

000 -LEADER
fixed length control field 00348nam a22001337a 4500
003 - CONTROL NUMBER IDENTIFIER
control field NUST
005 - DATE AND TIME OF LATEST TRANSACTION
control field 20190122140923.0
038 ## - RECORD CONTENT LICENSOR
Staff Name Tanveer
082 ## - DEWEY DECIMAL CLASSIFICATION NUMBER
Classification number 954.9
Author Mark SYE
245 ## - TITLE STATEMENT
Title Pakistan : /
Remainder of title the formative Phase 1857-1948
Statement of responsibility, etc. Khalid Bin Saeed
260 ## - PUBLICATION, DISTRIBUTION, ETC.
Place of publication, distribution, etc. Karachi :
Name of publisher, distributor, etc. Oxford University Press
Date of publication, distribution, etc. 2007.
300 ## - PHYSICAL DESCRIPTION
Extent viii, 341p.
Dimensions 24cm
942 ## - ADDED ENTRY ELEMENTS (KOHA)
Source of classification or shelving scheme
Koha item type Book
Holdings
Withdrawn status Lost status Source of classification or shelving scheme Damaged status Not for loan Permanent Location Current Location Date acquired Total Checkouts Total Renewals Full call number Barcode Checked out Date last seen Date last checked out Price effective from Koha item type
          Central Library (CL) Central Library (CL) 01/22/2019 9 3 954.9 SYE NIT-7728 07/07/2026 03/09/2026 03/09/2026 01/22/2019 Book
© 2023 Central Library, National University of Sciences and Technology. All Rights Reserved.